vufinder Bibliothèque Municipale de Charleval de Provence
Se connecter

Stretching (Le)

pour être et rester en forme

Book Cover
Auteur principal: Bob Anderson
Support: Livres
Langue: Francais
Genre: Documentaire
Sujets:
Étiquettes: Ajouter
Pas de Tags !

LEADER 00590nam0a2200181 450
001 16848296
010 |a 2-263-03120-0  |b Br.  |d 104 F 
100 |a 20001012d2001 u u0frey01 ba 
101 0 |a fre 
102 |a FR 
200 0 |a Stretching (Le)  |e pour être et rester en forme  |f Bob Anderson  |g ill. Jean Anderson 
205 |a Nouv. éd. 
207 1 |a   
215 |a 224 p.  |c ill. en coul.  |d 28 x 22 cm 
700 0 |a Anderson  |b Bob  |4 70 
900 |a Documentaire 
901 |a Accessible au prêt 
995 |a Bibliothèque  |c Bibliothèque  |f 00156004842498  |h 00156004842498  |k 796.44 AND  |o p  |q a  |r az  |e Bibliothèque 

Options de recherche

Historique de recherche
Recherche avancée

Trouver plus

Nouveautés

Besoin d'aide ?

Contacter un bibliothécaire